| 000 | 00450nam a2200181Ia 4500 | ||
|---|---|---|---|
| 008 | 131103s9999 xx 000 0 und d | ||
| 020 | _a0 356 04041 0 | ||
| 040 | _aLoreto College | ||
| 041 | _aEnglish | ||
| 082 |
_aREF _bLCBED/5564 |
||
| 100 | _aUsborne, Peter | ||
| 245 |
_aIn the air _cPeter Usborne |
||
| 260 |
_aLondon _bMcdonald Educational _c1972 |
||
| 300 |
_a20p. _b ill. _c 21cm. |
||
| 650 | _aREF | ||
| 850 | _aLCBED/REF | ||
| 942 | _cBK | ||
| 999 |
_c33689 _d84168 |
||